00673nam a2200181 450000500170000001000150001702000260003203500140005803700130007208200080008510000230009324501250011626000420024127001270028330000220041050000420043270000170047420190408154546.0 aENG-125032 a9789384692032c150.00 aEN-108564 bDBAD/PUB a570 aParvathi, V. Deepa aA practical manual on synthesis of nanoparticles and its applictions in biology/cby V. Deepa Parvathi [and] K.Rajagopal aChennaibDigital age publishersc2017 a26,Vedantham colony,2nd cross street,bChennai , Tamilnadue600047k9551891745, 9941535005mdigitalagepublishers@gmail.com ax,57p.c24cm(pbk) ait includes glossary and bibliography aRajagopal, K